Responses for Show #3731 - Monday, November 20, 2000

2000-B College Championship final game 1.
From the University of Washington in Seattle.

Contestants

[<< previous game]

Carl Gilbertsen, a junior at the University of Illinois from Chicago, Illinois

Pam Mueller, a junior at Loyola University, Chicago from Wilmette, Illinois

Jonah Knobler, a sophomore at Harvard University from Cincinnati, Ohio

[next game >>]

Jeopardy! Round responses

ROCK ME
2000 COMMENCEMENT SPEAKERS
PRESIDENTIAL NICKNAMES
POETS & POETRY
COLLEGE FOOTBALL
MONEY TALKS
    $100 1
Marble

Pam
    $100 30
Bill Cosby

Jonah
    $100 11
(C: Who is T.R.?)
(Alex: Be more specific...)
(C: Theodore Roosevelt.)
(Alex: OK, a lot of people might not know what you mean by "T.R.".)

Teddy Roosevelt

Carl
    $100 2
Alice Walker

Carl
    $100 16
Walk-on

Carl
    $100 21
A penny

Jonah
    $200 7
Magma

Pam
    $200 29
(J: Who is Vaclav Havel?)

Lech Walesa

JonahCarl
    $200 12
Harry S. Truman

Pam
    $200 3
Allen Ginsberg

Jonah
    $200 17
Bulldog

Carl
    $200 22
"Don't take any wooden nickels"

Jonah
    $300 8
Turquoise

Pam
    $300 28
John Grisham

Carl
    $300 13
Thomas Jefferson

Pam
    $300 4
John Keats

Jonah
    $1,400 18
Montana

Carl
    $300 23
Seed money

Jonah
    $400 9
Limestone

Carl
    $400 27
Kofi Annan

Jonah
    $400 14
Ulysses S. Grant

Jonah
    $400 5
Chile

Triple Stumper
    $400 19
Texas A&M

Jonah
    $400 24
lucre

Pam
    $500 10
Geode

Pam
    $500 26
Queen Noor of Jordan (Lisa Halaby)

Triple Stumper
    $500 15
Andrew Jackson

Carl
    $500 6
Tamerlane

Jonah
    $500 20
(C: What is a linebacker?)

Lineman

Carl
Triple Stumper
    $500 25
(less than a minute to go...)

Nickel & dime them

Triple Stumper

Scores at the first commercial break (after clue 14):

Jonah Pam Carl
$1,400 $1,600 $600

Scores at the end of the Jeopardy! Round:

Jonah Pam Carl
$2,700 $2,000 $2,800

Double Jeopardy! Round responses

ROCK ME
THE AMERICAN REVOLUTION
OOH, A COMEDIAN
TRAVEL
RELIGION 101
I "PASS"ED!
    $200 1
Bruce Springsteen

Pam
    $200 30
Philadelphia

Jonah
    $200 18
Paul Reiser

Pam
    $200 6
(Alex: Jonah, how did he get in ahead of you on that one? You'll never live that down!)

Harvard

Carl
    $200 8
India

Jonah
    $200 13
Passport

Pam
    $400 2
Macy Gray

Jonah
    $400 29
(C: What is Concord?)

Bunker Hill

JonahCarl
    $400 19
Pee-wee Herman

Jonah
    $400 7
Mexico

Pam
    $400 9
Yom Kippur

Pam
    $400 14
Passage

Jonah
    $600 3
Matchbox 20

Pam
    $600 24
Hessians

Pam
    $600 20
David Spade

Jonah
    $600 23
Paul Gauguin

Jonah
    $600 10
Hinduism

Jonah
    $600 15
Passive

Jonah
    $800 4
David Bowie

Carl
    $1,000 27
"The Swamp Fox"

Pam
    $800 25
(Alex: He told me to say that, by the way!)

Dennis Miller

Carl
    $800 22
(C: What is Manitoba?)

Alberta

PamCarl
    $800 11
Shintoism

Pam
    $800 16
Passe

Pam
    $1000 5
Creed

Jonah
    $1000 28
The Federalist Papers

Jonah
    $1000 26
(with a minute to go...)

Chris Rock

Pam
    $1000 21
Ghana

Jonah
    $1,000 12
(P: I should know this...I don't know.)

Buddha

Pam
    $1000 17
Passel

Pam

Scores at the end of the Double Jeopardy! Round:

Jonah Pam Carl
$10,100 $9,000 $3,400

Final Jeopardy! Round responses

BRITAIN'S NATIONAL PORTRAIT GALLERY
(Alex: Think about the last time you were there!)
CarlWho is the Queen Mum??
$2,100
PamWho is Margaret Thatcher??
$2,000
JonahWho is the Queen Mother?
$3,500
Margaret Thatcher

Final scores:

Jonah Pam Carl
$6,600 $11,000 $1,300

Game dynamics:

Coryat scores:

Jonah Pam Carl
$10,100 $9,800 $2,300
23 R,
1 W
20 R
(including 1 DD),
1 W
(including 1 DD)
12 R
(including 1 DD),
3 W

Combined Coryat: $22,200

[game clues] [game scores] [suggest correction]

Game tape date: 2000-09-16
The J! Archive is created by fans, for fans. Scraping, republication, monetization, and malicious use prohibited; this site may use cookies and collect identifying information. See terms. The Jeopardy! game show and all elements thereof, including but not limited to copyright and trademark thereto, are the property of Jeopardy Productions, Inc. and are protected under law. This website is not affiliated with, sponsored by, or operated by Jeopardy Productions, Inc. Join the discussion at JBoard.tv.